| 000 | 01092cam a2200313 a 4500 | ||
|---|---|---|---|
| 001 | 000014832 | ||
| 003 | OSt | ||
| 005 | 20200929163915.0 | ||
| 008 | 760408s1975 mx ab 000 0 eng | ||
| 040 |
_aDO-SdBNP _bspa _cBNPHU |
||
| 041 | 1 | 7 |
_aspa _heng |
| 049 | _aEn proceso | ||
| 082 |
_a972 _bC736h, 1975 |
||
| 245 | 0 | 2 |
_aA Compact history of Mexico / _cDaniel Cosío Villegas ... [et al.] ; prólogo Robert A. Potash ; traducido Marjory Mattingly Urquidi. |
| 250 | _a2a ed. | ||
| 260 |
_aMéxico : _bEl Colegio de Mexico ; _aLos Ángeles : _bLatin American Center, _c1975. |
||
| 300 |
_aviii, 157 p. : _bil., maps ; _c17 cm. |
||
| 590 | _aInventariado, 2020 / DG | ||
| 651 | 4 |
_aMéxico _xHistoria _95710 |
|
| 700 | 1 |
_aCosío Villegas, Daniel, _d1898-1976. _933601 |
|
| 700 | 1 |
_aBernel, Ignacio. _933602 |
|
| 700 | 1 |
_aMoreno Toscano, Alejandra. _933603 |
|
| 700 | 1 |
_aGonzález, Luis. _933604 |
|
| 700 | 1 |
_aBlanquel, Eduardo. _933605 |
|
| 700 | 1 |
_aPotash, Robert, _epról. _933606 |
|
| 700 | 1 |
_aUrquidi, Marjory Mattingly, _etr. _933607 |
|
| 910 | _aEn catalogaciòn | ||
| 942 |
_2ddc _cLF1 |
||
| 999 |
_c14412 _d14412 |
||